Oscar Best Picture Nominees 2000-Now - Statistics

General Stats
  • This quiz has been taken 88 times
    30 since last reset
  • The average score is 87 of 171
Answer Stats
Year Winner/Nominee % Correct
2022 Everything Everywhere All at Once
86%
2017 The Shape of Water
86%
2010 Inception
81%
2016 La La Land
81%
2020 Nomadland
81%
2001 The Lord of the Rings: The Fellowship of the Ring
81%
2003 The Lord of the Rings: The Return of the King
81%
2012 Argo
76%
2014 Birdman
76%
2013 Gravity
76%
2016 Moonlight
76%
2019 Parasite
76%
2021 The Power of the Dog
76%
2013 12 Years a Slave
71%
2009 Avatar
71%
2022 Avatar: The Way of Water
71%
2021 CODA
71%
2005 Crash
71%
2012 Django Unchained
71%
2000 Gladiator
71%
2018 Green Book
71%
2009 Inglourious Basterds
71%
2012 Les Misérables
71%
2007 No Country for Old Men
71%
2011 The Artist
71%
2006 The Departed
71%
2010 The King's Speech
71%
2002 The Lord of the Rings: The Two Towers
71%
2015 The Revenant
71%
2013 The Wolf of Wall Street
71%
2013 American Hustle
67%
2010 Black Swan
67%
2005 Brokeback Mountain
67%
2002 Chicago
67%
2012 Lincoln
67%
2018 Roma
67%
2015 Spotlight
67%
2014 The Grand Budapest Hotel
67%
2009 The Hurt Locker
67%
2014 American Sniper
62%
2018 Black Panther
62%
2017 Dunkirk
62%
2019 Joker
62%
2019 Once Upon a Time in Hollywood
62%
2019 The Irishman
62%
2007 There Will Be Blood
62%
2010 The Social Network
62%
2010 Toy Story 3
62%
2009 Up
62%
2001 A Beautiful Mind
57%
2017 Darkest Hour
57%
2022 Elvis
57%
2016 Fences
57%
2017 Get Out
57%
2011 Hugo
57%
2020 Mank
57%
2004 Million Dollar Baby
57%
2012 Silver Linings Playbook
57%
2022 The Banshees of Inisherin
57%
2015 The Big Short
57%
2011 The Help
57%
2002 The Pianist
57%
2022 All Quiet on the Western Front
52%
2016 Arrival
52%
2018 Bohemian Rhapsody
52%
2014 Boyhood
52%
2015 Brooklyn
52%
2002 Gangs of New York
52%
2016 Hidden Figures
52%
2021 King Richard
52%
2003 Mystic River
52%
2017 Phantom Thread
52%
2009 The Blind Side
52%
2006 The Queen
52%
2014 The Theory of Everything
52%
2017 Three Billboards Outside Ebbing, Missouri
52%
2021 West Side Story
52%
2018 A Star Is Born
48%
2017 Call Me by Your Name
48%
2013 Dallas Buyers Club
48%
2000 Erin Brockovich
48%
2019 Jojo Rabbit
48%
2012 Life of Pi
48%
2006 Little Miss Sunshine
48%
2016 Manchester by the Sea
48%
2020 Minari
48%
2011 Moneyball
48%
2008 Slumdog Millionaire
48%
2014 The Imitation Game
48%
2015 The Martian
48%
2017 The Post
48%
2022 Top Gun: Maverick
48%
2010 True Grit
48%
2018 Vice
48%
2010 127 Hours
43%
2019 1917
43%
2007 Atonement
43%
2018 BlacKkKlansman
43%
2005 Capote
43%
2000 Crouching Tiger, Hidden Dragon
43%
2004 Finding Neverland
43%
2016 Hacksaw Ridge
43%
2013 Her
43%
2007 Juno
43%
2019 Little Women
43%
2003 Lost in Translation
43%
2007 Michael Clayton
43%
2011 Midnight in Paris
43%
2001 Moulin Rouge!
43%
2013 Nebraska
43%
2013 Philomena
43%
2009 Precious
43%
2015 Room
43%
2022 Tár
43%
2004 The Aviator
43%
2011 The Descendants
43%
2020 The Father
43%
2018 The Favourite
43%
2008 The Reader
43%
2000 Traffic
43%
2009 Up in the Air
43%
2014 Whiplash
43%
2012 Zero Dark Thirty
43%
2009 A Serious Man
38%
2015 Bridge of Spies
38%
2013 Captain Phillips
38%
2021 Don't Look Up
38%
2008 Frost/Nixon
38%
2005 Good Night, and Good Luck
38%
2016 Hell or High Water
38%
2017 Lady Bird
38%
2006 Letters from Iwo Jima
38%
2021 Licorice Pizza
38%
2016 Lion
38%
2015 Mad Max: Fury Road
38%
2008 Milk
38%
2021 Nightmare Alley
38%
2004 Ray
38%
2014 Selma
38%
2004 Sideways
38%
2022 The Fabelmans
38%
2010 The Fighter
38%
2010 The Kids Are All Right
38%
2011 War Horse
38%
2010 Winter's Bone
38%
2012 Amour
33%
2006 Babel
33%
2021 Belfast
33%
2009 District 9
33%
2021 Drive My Car
33%
2021 Dune
33%
2011 Extremely Loud & Incredibly Close
33%
2019 Ford v Ferrari
33%
2019 Marriage Story
33%
2005 Munich
33%
2008 The Curious Case of Benjamin Button
33%
2002 The Hours
33%
2020 The Trial of the Chicago 7
33%
2009 An Education
29%
2012 Beasts of the Southern Wild
29%
2000 Chocolat
29%
2001 Gosford Park
29%
2003 Master and Commander: The Far Side of the World
29%
2020 Promising Young Woman
29%
2003 Seabiscuit
29%
2011 The Tree of Life
29%
2022 Triangle of Sadness
29%
2022 Women Talking
29%
2001 In the Bedroom
24%
2020 Sound of Metal
24%
2020 Judas and the Black Messiah
19%
No matching quizzes found
Score Distribution
Percent of People with Each Score
Percentile by Number Answered
Your Score History
You have not taken this quiz since the last reset